| 000 | 00927nam a2200289 a 4500 | ||
|---|---|---|---|
| 001 | 991006442929707486 | ||
| 003 | OSt | ||
| 005 | 20250408104409.0 | ||
| 008 | 080918s2008 ck gr 0001f spa d | ||
| 020 | _a9789586395526 | ||
| 040 |
_bspa _cCO-JMCR |
||
| 082 | 0 | 4 |
_aA-N _223 _bMCCn |
| 100 | 1 |
_aMcCarthy, Cormac, _943800 |
|
| 245 | 1 | 0 |
_aNo es país para viejos / _cCormac McCarthy ; traducción de Luis Murillo Fort. |
| 260 | 3 |
_aBogotá : _bMondadori, _c2008. |
|
| 300 |
_a242 páginas ; _c24 cm. |
||
| 440 | 0 |
_aLiteratura Mondadori _943801 |
|
| 534 |
_pTitulo original : _tNo country for old men. |
||
| 650 | 7 | _aNovela estadounidense. | |
| 650 | 7 |
_aNarcotráfico _vNovela _zMéxico. _943802 |
|
| 650 | 7 |
_aCrimen organizado _zMéxico _vNovela. _943803 |
|
| 650 | 7 |
_aNovela policíaca. _9214 |
|
| 650 | 7 |
_aNovela psicológica. _943565 |
|
| 700 | 1 |
_aMurillo Fort, Luis, _943045 |
|
| 942 |
_2ddc _cBK |
||
| 949 | _a | ||
| 999 |
_c30811 _d17195 |
||